LEADER 00848nam0-22003131i-450- 001 990003217560403321 035 $a000321756 035 $aFED01000321756 035 $a(Aleph)000321756FED01 035 $a000321756 100 $a20000920d1972----km-y0itay50------ba 101 0 $aita 102 $aIT 200 1 $aTeoria della misurazione per le scienze sociali$fClaudio Conti. 210 $aMilano$cGabriele Mazzotta$d\c\\1972. 215 $a470 p.$d19 cm 225 1 $aBiblioteca di nuova cultura$v8 676 $a11130 676 $a11310 676 $a11360 702 1$aConti,$bClaudio 801 0$aIT$bUNINA$gRICA$2UNIMARC 901 $aBK 912 $a990003217560403321 952 $a11130 CON$b4785/I$fSES 959 $aSES 996 $aTeoria della misurazione per le scienze sociali$9455469 997 $aUNINA DB $aING01 LEADER 00840oam 2200205z- 450 001 9910557655703321 010 $a1-66212-775-8 035 $a(CKB)5470000001122062 035 $a(EXLCZ)995470000001122062 100 $a20220308c2020uuuu -u- - 101 0 $aeng 200 10$aEssential Oils: The Complete Guide to Aromatherapy, Learn All About the Natural Wonders and Therapeutic Use of Essential Oils and Aromatherapy to Achieve Better Health and Wellness 210 $cFindaway World 311 $a1-83880-851-5 311 $a1-83962-699-2 517 $aEssential Oils 906 $aBOOK 912 $a9910557655703321 996 $aEssential Oils: The Complete Guide to Aromatherapy, Learn All About the Natural Wonders and Therapeutic Use of Essential Oils and Aromatherapy to Achieve Better Health and Wellness$92829638 997 $aUNINA